| 000 | 00672nam a2200193 a 4500 | ||
|---|---|---|---|
| 001 | 4232 | ||
| 003 | CDMR | ||
| 005 | 20131212133311.0 | ||
| 008 | 130130s1987||||||||||||||||||||||||||||d | ||
| 040 |
_aCDMR _bcat _cCDMR |
||
| 245 | 0 |
_aComunicación y desarrollo _cSebastián Alegrett... [et al.] |
|
| 260 |
_aLima _c1987 _bIPAL |
||
| 300 | _a354 p. | ||
| 500 | _aPonències presentades a la Mesa Redonda sobre Comunicación y Desarrollo organizada por IPAL al maig de 1986 | ||
| 650 | 0 | 4 |
_94427 _aMitjans de comunicació de massa en el desenvolupament comunitari |
| 650 | 0 | 4 |
_94399 _aComunicació _xCongressos |
| 650 | 0 | 4 |
_94289 _aComunicació _xAspectes socials |
| 942 |
_cMON _2udc |
||
| 999 |
_c4232 _d4232 |
||